000 00324nam a22001337a 4500
008 181224b xxu||||| |||| 00| 0 eng d
020 _a9780394567846
041 _aeng
080 _a338
100 _a55
101 _aMAN
245 _aThriving On Chaos Handbook For A Managemnt Revolution
_cTom.P
942 _2udc
_cBK
999 _c53729
_d53729